Percy Jackson characters - Sudden death - Statistics

General Stats
  • This quiz has been taken 697 times
  • The average score is 6 of 17
Answers on the Grid
Answers color-coded by a green-red scale on the quiz's grid according to % correct below.
Percy Jackson
Grover Underwood
Cassandra
Will Solace
Lester Papadopoulos
Luke Castle
Bianca di Angelo
Chris Rogers
Phoebe Eliopoulos
Annabeth Chase
Clarisse Rue
Thalia Grace
Jason Chase
Leo Valdez
Piper Mclean
Silena Beauregard
Harper Lee
Meg Mcaffrey
Amber Hearth
Nick di Angelo
May Castellan
Sally Jackson
Hazel Levesse
Frank Zhao
Reyna Ramirez Arellano
Peter Johnson
Zoe Nightshade
Grace Kelly
 
Answer Stats
Answer % Correct
Percy Jackson
50%
Annabeth Chase
47%
Bianca di Angelo
46%
Grover Underwood
46%
Thalia Grace
45%
Zoe Nightshade
45%
Sally Jackson
44%
Silena Beauregard
38%
Will Solace
37%
May Castellan
36%
Piper Mclean
35%
Leo Valdez
32%
Lester Papadopoulos
26%
Reyna Ramirez Arellano
25%
Meg Mcaffrey
21%
Phoebe Eliopoulos
8%
Cassandra
4%
No matching quizzes found
Score Distribution
Percent of People with Each Score
Percentile by Number Answered
Your Score History
You have not taken this quiz